000 01167cam a2200217 4500
001 ABS65016
008 020123n2001 000 0 eng u
035 _a(Sirsi) u116401
245 4 _aThe creation of arbitration agreements
260 _c2001
490 _aArbitration Law Monthly
_v1(8) October 2001, 1-3(3)
520 _aArgues that the distinction between arbitration and other forms of dispute resolution is not always apparent, as demonstrated in "AIG Europe SA v QBE International Insurance Ltd". It was found that the reinsurance agreement between AIG and QBE did not contain arbitration clauses, but only provided for a procedure of conciliation. Concludes that there will be no incorporation of an arbitration clause unless there is an express reference to arbitration in the words of incorporation.
590 _aABS
650 _aMANAGEMENT-DISPUTE AVOIDANCE, MANAGEMENT AND RESOLUTION-DISPUTE MANAGEMENT AND RESOLUTION-ARBITRATION
650 _aDISPUTE RESOLUTION
_96236
650 _aAIG EUROPE SA V QBE INTERNATIONAL INSURANCE LTD
650 _aREINSURANCE
650 _aCONCILIATION
690 _aDispute resolution
_96236
942 _n0
999 _c69329
_d69329